=LDR 00000nam 2200000 4500 =001 INLIS000000000021830 =005 20130612120642 =008 ***********************************Ind** =035 ##$$0010-061300000021830 =041 ##$$a Ind =082 ##$$a 813 =090 ##$$a 813, Mun-l =100 ##$$a MUNIF, Acmad =245 ##$$a Lipstik, Achmad Munif =260 ##$$a 2003 $b Yogyakarta =300 ##$$a iv,316 hlm., 18 cm =650 ##$$a Fiksi dewasa-Indonesia =850 ##$$a NBPNMAT =990 ##$$a 0001/BPAP-NTB/2015